| 000 | 00853nam a2200217 a 4500 | ||
|---|---|---|---|
| 003 | 0 | ||
| 005 | 20250311081629.0 | ||
| 008 | 080730s19uu xx 00 eng d | ||
| 050 |
_aPGS JC 571.5.Y68 _b.M357 2008 |
||
| 100 | _aMarquez, Vittorio Joey L. | ||
| 245 |
_aFilipino and Korean students' level of awareness on human rights violation issues / _cVittorio Joey L. Marquez. |
||
| 260 |
_aLas Piñas City, Philippines : _bSouthville International School and Colleges, _c2008. |
||
| 300 |
_a26 pages : _billustrations ; _c28 cm. |
||
| 504 | _aIncludes bibliographical references. | ||
| 650 |
_aHuman rights _vStudy and teaching (Elementary). |
||
| 650 |
_aHuman rights _vPublic opinion. |
||
| 650 |
_aChildren’s rights _vEducation. |
||
| 650 |
_aFilipino students _vAttitudes. |
||
| 650 |
_aKorean students _vAttitudes. |
||
| 942 |
_2lcc _cPASS |
||
| 999 |
_c97989 _d97989 |
||